| 000 | 01125nam a2200301Ia 4500 | ||
|---|---|---|---|
| 999 |
_c49469 _d49469 |
||
| 001 | 16393 | ||
| 003 | GE_BSU | ||
| 005 | 20221215123857.0 | ||
| 008 | 181216s2015||||ru |||||||||||||| ||rus|| | ||
| 020 | _a9789941153 | ||
| 040 | _cGE_BSU | ||
| 080 | _a811.161.1'366 А-95 | ||
| 100 |
_aАхвледиани, мераб _96815 |
||
| 245 |
_aРусский Язык : (Фонетика, морфология) : _bУчеб.пособ. для студ.поступающих в вузы / _cМераб Ахвледиани, Абашидзе Джумбер ; Под ред. М. Ахвледиани. |
||
| 264 |
_aТбилиси : _bИвериони, _c2015. |
||
| 300 |
_a371стр. ; _c21см. |
||
| 500 | _aбиблиог. стр 369 | ||
| 541 | _h20л | ||
| 653 | _aРусский Язык | ||
| 653 | _aФонетика | ||
| 653 | _aморфология | ||
| 653 | _aრუსული ენა | ||
| 653 | _aგრამატიკა | ||
| 653 | _aფონეტიკა | ||
| 653 | _aმორფოლოგია | ||
| 700 |
_aАбашидзе, Джумбер _cАвтор _916431 |
||
| 942 |
_cBK _2udc |
||